Name a Valid Country in the Grid #1 - Statistics

General Stats
  • This quiz has been taken 79 times
  • The average score is 12 of 16
Answer Stats
Criterion Criterion Countries % Correct
With 100m+ People In Africa D.R. Congo | Egypt | Ethiopia | Nigeria
100%
With 100m+ People Has hosted the Olympics Brazil | China | Japan | Mexico | Russia | United States
95%
With 100m+ People With Spanish as an official language Mexico
91%
With 6 Letters In Africa Angola | Gambia | Guinea | Malawi | Rwanda | Uganda | Zambia
79%
With a star on its flag In Africa Algeria | Angola | Burkina Faso | Burundi | Cameroon | Cape Verde | Central African Republic | Comoros | Djibouti | D.R. Congo | Equatorial Guinea | Ethiopia | Ghana | Guinea-Bissau | Liberia | Libya | Malawi | Mauritania | Morocco | Mozambique | Namibia | Niger | Rwanda | Sao Tome and Principe | Senegal | Somalia | South Sudan | Togo | Tunisia | Zimbabwe
79%
With a star on its flag Has hosted the Olympics Australia | Brazil | China | Japan | United States
79%
Is a monarchy Has hosted the Olympics Belgium | Japan | Netherlands | Norway | Spain | Sweden | United Kingdom
79%
With 6 Letters Has hosted the Olympics Brazil | Canada | France | Greece | Mexico | Norway | Russia | Sweden
77%
With 6 Letters With Spanish as an official language Mexico | Panama
73%
With a star on its flag With Spanish as an official language Argentina | Chile | Cuba | Equatorial Guinea | Honduras | Panama | Paraguay | Uruguay | Venezuela
73%
Is a monarchy In Africa Eswatini | Lesotho | Morocco
67%
Is a monarchy With Spanish as an official language Spain
67%
Is a monarchy Is landlocked Andorra | Bhutan | Eswatini | Lesotho | Liechtenstein | Luxembourg | Vatican City
58%
With 6 Letters Is landlocked Bhutan | Kosovo | Malawi | Rwanda | Serbia | Uganda | Zambia
55%
With a star on its flag Is landlocked Azerbaijan | Burkina Faso | Burundi | Central African Republic | Ethiopia | Kazakhstan | Kosovo | Kyrgyzstan | Malawi | Moldova | Nepal | Niger | North Macedonia | Paraguay | Rwanda | South Sudan | Tajikistan | Turkmenistan | Uzbekistan | Zimbabwe
52%
With 100m+ People Is landlocked Ethiopia
39%
No matching quizzes found
Score Distribution
Percent of People with Each Score
Percentile by Number Answered
Your Score History
You have not taken this quiz